| 000 | 00972cnm a2200313 i 4500 | ||
|---|---|---|---|
| 001 | 588036 | ||
| 003 | YEEZEN | ||
| 005 | 20241025134932.0 | ||
| 008 | 220915s2022 ch chi d | ||
| 020 |
_a9789863987284 _q(精裝) : _cNT$699 |
||
| 040 |
_aNTUT _bchi _eCCR _cNTUT |
||
| 041 | 1 |
_achi _heng |
|
| 042 | _anbic | ||
| 084 |
_a873.6 _2ncsclt |
||
| 090 | _a873.6 | ||
| 100 | 1 |
_a麥克斯 _c(Mackesy, Charlie) |
|
| 240 | 1 | 4 |
_aThe boy, the mole, the fox and the horse. _l中文 |
| 245 | 1 | 0 |
_a男孩, 鼴鼠, 狐狸與馬 / _c查理.麥克斯(Charlie Mackesy)作 ; 韓絜光譯 |
| 246 | 3 | 3 | _a男孩鼴鼠狐狸與馬 |
| 250 | _a第一版 | ||
| 260 |
_a臺北市 : _b天下雜誌, _c2022.01 |
||
| 300 |
_a1冊 : _b部份彩圖 ; _c22公分 |
||
| 490 | 1 |
_a美好生活 ; _v27. |
|
| 500 | _a譯自 : The boy, the mole, the fox and the horse. | ||
| 650 | 7 |
_a英國文學 _2lcstt. |
|
| 700 | 1 | _a韓絜光 | |
| 830 | 0 |
_a美好生活 ; _v27. |
|
| 942 |
_2ccl _cBOOK |
||
| 999 |
_c7611 _d7611 |
||